1455 1996 1205 1306 1534 1298 1769 1221 1651 1495 1401 1690 1656 1131 1167 1544 1302 1656 1878 1267 1620 1852 1681 1202 1453 1883 1174 1263 1670 1643 1963 1460 1727 1773 1078 1015 1605 1087 1941 1619 1988 1247 1073 1992 1905 1582 1821 1133 1158 1151 1946 1935 1032 1837 1310 1365 1957 1459 1122 1774 1084 1896 1397 1452 1935 1792 1769 1431 1747 1774 1723 1355 1752 1711 1265 1903 1841 1254 1827 1794 1309 1641 1311 1879 1338 1114 1793 1742 1284 1420 1938 1900 1120 1016 1861 1708 1396 1246 1419 BCNSPRNW ULIB Ver.6.0+V

เปลี่ยนเป็นภาษาไทย

Change to English
 แสดงรายละเอียดบรรณานุกรม
  กลับหน้าหลัก

Brief Record : Get Marc (ISO 2709) : E-mail record : QR code < ปิดหน้าต่าง
LEADER : 00000nam 2200000uu 4500
001    13399128352
003     ULIB
008    230620s2559||||th 000 0 tha d
020    ^a9786163981219
060 04 ^aWY164^bว158ก
100 0  ^aวณิชา พึ่งชมภู
245 00 ^aการพยาบาลผู้ป่วยโรคไตเรื้อรังที่ได้รับการฟอกเลือด =^bNursing care ofpersons with chronic kidney disease receiving hemodialysis/^cวณิชา พึ่งชมภู
250    ^aพิมพ์ครั้งที่ 2
260    ^aเชียงใหม่ :^bสำนักพิมพ์มหาวิทยาลัยเชียงใหม่ ศูนย์บริหารงานวิจัย,^c2559
300    ^ax, 170 หน้า :^bภาพประกอบ ;^c25 ซม.
650  2 ^aHemodiafiltration
650  2 ^aPeritoneal Dialysis
650  2 ^aRenal Dialysis
650  2 ^aKidney, Artificial
650  2 ^aKidney Failure^xtherapy
650  4 ^aการฟอกเลือดด้วยเครื่องไตเทียม
650  4 ^aการฟอกเลือดด้วยเครื่องไตเทียม^xการพยาบาล
650  4 ^aการฟอกเลือดด้วยเครื่องไตเทียม^xการรักษา
650  4 ^aไตเทียม
650  4 ^aฮีโมไดอะลัยซิส
650  4 ^aไต, โรค^xการพยาบาล
650  4 ^aไตวายเรื้อรัง^xการพยาบาล
945    ^p250^l0^i009740
945    ^p250^l0^i009741
945    ^p250^l0^i009742
945    ^p250^l0^i009743
999    ^aประนอม เกษจรัล
รายการนี้ยังไม่มีแท็ก
คุณยังไม่ได้ล็อกอิน คุณสามารถมีกิจกรรมร่วมกับเว็บไซต์ได้ แต่ต้องล็อกอินก่อน ::
  ล็อกอิน

รายการสื่อสารสนเทศ

ลำดับที่ ประเภท เลขเรียก/บาร์โค้ด สถานที่ สถานะ
1. Book การพยาบาล
หนังสือสำรอง
สถานะ=หนังสือสำรอง
WY164 ว158ก ฉ.1 
  Barcode: 009740
ห้องสมุดวิทยาเขตสวรรค์ประชารักษ์
►หนังสือทั่วไป
บนชั้น
2. Book การพยาบาล
Book การพยาบาล
WY164 ว158ก ฉ.2 
  Barcode: 009741
ห้องสมุดวิทยาเขตสวรรค์ประชารักษ์
►หนังสือทั่วไป
บนชั้น
3. Book การพยาบาล
Book การพยาบาล
WY164 ว158ก ฉ.3 
  Barcode: 009742
ห้องสมุดวิทยาเขตสวรรค์ประชารักษ์
►หนังสือทั่วไป
บนชั้น
4. Book การพยาบาล
Book การพยาบาล
WY164 ว158ก ฉ.4 
  Barcode: 009743
ห้องสมุดวิทยาเขตสวรรค์ประชารักษ์
►หนังสือทั่วไป
บนชั้น

รายการใกล้เคียง
    ผู้แต่ง [วณิชา พึ่งชมภู]

    หัวเรื่อง [Hemodiafiltration]
    หัวเรื่อง [Peritoneal Dialysis]
    หัวเรื่อง [Renal Dialysis]
    หัวเรื่อง [Kidney, Artificial]
    หัวเรื่อง [การฟอกเลือดด้วยเครื่องไตเทียม]
    หัวเรื่อง [ไตเทียม]
    หัวเรื่อง [ฮีโมไดอะลัยซิส]

BibComment


ยังไม่เคยถูกคอมเมนท์

คอมเมนท์ทรัพยากรรายการนี้
  คอมเมนท์: การพยาบาลผู้ป่วย..


 Copyright 2026. Bcnsprnw @Library